|
|
|
|
| LEADER |
00000nab a2200000 a 4500 |
| 001 |
vtls000495327 |
| 003 |
SK-MaSNL |
| 005 |
20260304081103.0 |
| 008 |
250424c1992 xo 0 slo |
| 015 |
|
|
|a SNBRB19rr/mm-uuuuu
|
| 035 |
|
|
|a CL0495465
|
| 035 |
|
|
|a urn:nbn:sk:snk-abc79
|
| 035 |
|
|
|a (urnnbn)urn:nbn:sk:snk:ar-a04u76
|
| 035 |
|
|
|a (uuid)34644dba-4833-4051-97cf-80490e9399da
|
| 040 |
|
|
|a SNKBUCL
|b slo
|c SNKBUCL
|e AACR2
|
| 041 |
0 |
|
|a eng
|
| 044 |
|
|
|a xo
|c SK
|
| 080 |
|
|
|a 582.32:546.3/.9:502.4
|2 1981
|
| 080 |
|
|
|a 546.3/.9
|2 1981
|
| 080 |
|
|
|a 502.4
|2 1981
|
| 080 |
|
|
|a 504.73
|2 1981
|
| 100 |
1 |
|
|a Šoltés, Rudolf,
|d 1945-
|4 aut
|
| 245 |
1 |
0 |
|a Heavy metal concentrations in the moses of the Tatra Mountains (Czecho-Slowakia): Multivariate analysis
|c R. Šoltés
|
| 300 |
|
|
|b Obr., tab.
|
| 504 |
|
|
|a Bibliogr. odkazy
|
| 650 |
0 |
7 |
|a machorasty
|2 snkbucl
|9 20309
|
| 650 |
0 |
7 |
|a ťažké kovy
|2 snkbucl
|9 29344
|
| 651 |
|
7 |
|a Tatranský národný park (Slovensko)
|2 snkbucl
|9 106968
|
| 655 |
|
7 |
|a články z novín a časopisov
|2 snkbucl
|9 267496
|
| 773 |
0 |
|
|t Oecologia montana
|g Roč. 1, č. 1 (1992), s. 31-36
|x 1210-3209
|
| 850 |
|
|
|a Slovenská národná knižnica
|
| 852 |
|
|
|a Slovenská národná knižnica
|
| 954 |
|
|
|a odborná, vedecká literatúra pôvodná (slovenská)
|2 lita
|
| 958 |
|
|
|a article27
|
| 958 |
|
|
|a RK
|
| 958 |
|
|
|a NB
|
| 958 |
|
|
|a OND
|
| 958 |
|
|
|a EUIPO
|
| 992 |
|
|
|a RBX
|
| 999 |
|
|
|c 2789420
|d 2791350
|